000 00470cam a2200181ua 4500
020 _c125.00
041 _aeng
_h
082 _a631.42
_bPRA/SO
100 _aPrathibha, Mishra .
245 _aSoil productivity and crop potentials /
_cPrathibha Mishra.
_hTextual Documents
250 _a1 /
_b.
260 _aNew Delhi :
_bConcept Publishing Company ,
_c1984.
300 _a274 ; .
365 _a125.00
504 _a
942 _cBK
999 _c7369
_d7369